CLINICAL NEUROANATOMY (Record no. 12908)

MARC details
000 -LEADER
fixed length control field 00418nam a22001697a 4500
003 - CONTROL NUMBER IDENTIFIER
control field OSt
005 - DATE AND TIME OF LATEST TRANSACTION
control field 20211015093223.0
008 - FIXED-LENGTH DATA ELEMENTS--GENERAL INFORMATION
fixed length control field 211015b |||||||| |||| 00| 0 eng d
020 ## - INTERNATIONAL STANDARD BOOK NUMBER
International Standard Book Number 0-316-80315-4
040 ## - CATALOGING SOURCE
Original cataloging agency DDC
Transcribing agency HU
082 ## - DEWEY DECIMAL CLASSIFICATION NUMBER
Edition number 2
Classification number 611.8076
Item number 9
100 ## - MAIN ENTRY--PERSONAL NAME
Personal name SNELL, RICHARD S.
9 (RLIN) 13045
245 ## - TITLE STATEMENT
Title CLINICAL NEUROANATOMY
250 ## - EDITION STATEMENT
Edition statement 2
260 ## - PUBLICATION, DISTRIBUTION, ETC.
Place of publication, distribution, etc. Philadelphia
Name of publisher, distributor, etc. Lippincott-Raven
Date of publication, distribution, etc. 1997
942 ## - ADDED ENTRY ELEMENTS (KOHA)
Source of classification or shelving scheme Dewey Decimal Classification
Koha item type Books like text book referance book
Suppress in OPAC No
Holdings
Withdrawn status Lost status Source of classification or shelving scheme Damaged status Not for loan Home library Current library Date acquired Total Checkouts Full call number Barcode Date last seen Copy number Price effective from Koha item type
    Dewey Decimal Classification     College of Medicine and Health’s Sciences Library College of Medicine and Health’s Sciences Library 10/15/2021   611.8076,Sn3,1997 CMHSL00002761 10/15/2021 1 10/15/2021 Books like text book referance book
    Dewey Decimal Classification     College of Medicine and Health’s Sciences Library College of Medicine and Health’s Sciences Library 10/15/2021   611.8076,Sn3,1997 CMHSL00002762 10/15/2021 2 10/15/2021 Books like text book referance book
    Dewey Decimal Classification     College of Medicine and Health’s Sciences Library College of Medicine and Health’s Sciences Library 10/15/2021   611.8076,Sn3,1997 CMHSL00002763 10/15/2021 3 10/15/2021 Books like text book referance book
    Dewey Decimal Classification     College of Medicine and Health’s Sciences Library College of Medicine and Health’s Sciences Library 10/15/2021   611.8076,Sn3,1997 CMHSL00002764 10/15/2021 4 10/15/2021 Books like text book referance book
    Dewey Decimal Classification     College of Medicine and Health’s Sciences Library College of Medicine and Health’s Sciences Library 10/15/2021   611.8076,Sn3,1997 CMHSL00002765 10/15/2021 5 10/15/2021 Books like text book referance book
    Dewey Decimal Classification     College of Medicine and Health’s Sciences Library College of Medicine and Health’s Sciences Library 10/15/2021   611.8076,Sn3,1997 CMHSL00002766 10/15/2021 6 10/15/2021 Books like text book referance book
    Dewey Decimal Classification     College of Medicine and Health’s Sciences Library College of Medicine and Health’s Sciences Library 10/15/2021   611.8076,Sn3,1997 CMHSL00002767 10/15/2021 7 10/15/2021 Books like text book referance book
    Dewey Decimal Classification     College of Medicine and Health’s Sciences Library College of Medicine and Health’s Sciences Library 10/15/2021   611.8076,Sn3,1997 CMHSL00002768 10/15/2021 8 10/15/2021 Books like text book referance book
    Dewey Decimal Classification     College of Medicine and Health’s Sciences Library College of Medicine and Health’s Sciences Library 10/15/2021   611.8076,Sn3,1997 CMHSL00002769 10/15/2021 9 10/15/2021 Books like text book referance book